000 00411nam a2200181Ia 4500
008 240510s9999 xx 000 0 und d
041 _aEng
082 _a519.242
082 _bC59
100 _aCO,X, D.R.
245 0 _aPlanning of experiments
260 _bNew York , John Wiley
260 _c1958
300 _a302 p.
650 _aStatistics : experimental design
942 _2ddc
942 _cLBK
999 _c23521
_d23521
945 _a1
_bMadushi Gamage
_c1
_dMadushi Gamage